[Event "Rome Steinitz op 1st"]
[Site "Rome"]
[Date "2002.07.07"]
[Round "5"]
[White "Rossi, Aldo A"]
[Black "Del Vecchio, Ausonio"]
[Result "1-0"]
[WhiteElo "1713"]
[BlackElo "1389"]
[PlyCount "77"]
[EventDate "2002.07.05"]
[EventType "swiss"]
[EventRounds "5"]
[EventCountry "ITA"]
[SourceTitle "EXT 2007"]
[Source "ChessBase"]
[SourceDate "2006.11.23"]
[SourceVersion "1"]
[SourceVersionDate "2006.11.23"]
[SourceQuality "1"]

1. d4 Nf6 2. Nf3 d5 3. e3 Nc6 4. c3 Bd7 5. Bd3 g6 6. Nbd2 Bg7 7. 0-0 0-0 8. e4 e6 9. e5 Ne8 10. Nb3 f6 11. exf6 Nxf6 12. Bg5 b6 13. Ne5 Qe8 14. Bxf6 Bxf6 15. f4 Nxe5 16. fxe5 Bg7 17. Qe2 a6 18. Nd2 Qe7 19. Rxf8+ Rxf8 20. Bxa6 c6 21. Bd3 c5 22. Nf3 Be8 23. h4 Bh6 24. Rf1 Kh8 25. Ng5 Bxg5 26. Rxf8+ Qxf8 27. hxg5 Qf4 28. Qf2 Qf7 29. Qxf7 Bxf7 30. Bb5 Kg7 31. Kf2 h6 32. dxc5 bxc5 33. gxh6+ Kxh6 34. a4 d4 35. cxd4 cxd4 36. a5 g5 37. a6 Bg6 38. Bc6 d3 39. Ke3 1-0